The holy Bible : (Record no. 8512)
[ view plain ]
| 000 -LEADER | |
|---|---|
| fixed length control field | 00850cam a2200277 a 4500 |
| 001 - CONTROL NUMBER | |
| control field | 230511 |
| 003 - CONTROL NUMBER IDENTIFIER | |
| control field | OSt |
| 005 - DATE AND TIME OF LATEST TRANSACTION | |
| control field | 20140310182027.0 |
| 008 - FIXED-LENGTH DATA ELEMENTS--GENERAL INFORMATION | |
| fixed length control field | 990421s1984 coub 000 0 eng |
| 010 ## - LIBRARY OF CONGRESS CONTROL NUMBER | |
| LC control number | 99198814 |
| 035 ## - SYSTEM CONTROL NUMBER | |
| System control number | (DLC) 99198814 |
| 040 ## - CATALOGING SOURCE | |
| Original cataloging agency | DLC |
| Transcribing agency | DLC |
| Modifying agency | DLC |
| 050 00 - LIBRARY OF CONGRESS CALL NUMBER | |
| Classification number | BS 195 |
| Item number | .H761 1986 |
| 082 00 - DEWEY DECIMAL CLASSIFICATION NUMBER | |
| Classification number | HS 220.5 |
| Item number | St1 2007 |
| 130 0# - MAIN ENTRY--UNIFORM TITLE | |
| Uniform title | Bible. |
| Language of a work | English. |
| Version | New International. |
| Date of a work | 1984. |
| 9 (RLIN) | 10009 |
| 245 14 - TITLE STATEMENT | |
| Title | The holy Bible : |
| Remainder of title | new international version / |
| 260 ## - PUBLICATION, DISTRIBUTION, ETC. (IMPRINT) | |
| Place of publication, distribution, etc | Colorado Springs, CO : |
| Name of publisher, distributor, etc | International Bible Society, |
| Date of publication, distribution, etc | c1984. |
| 300 ## - PHYSICAL DESCRIPTION | |
| Extent | 1576 p. : |
| Other physical details | maps ; |
| Dimensions | 21 cm. |
| 650 ## - SUBJECT ADDED ENTRY--TOPICAL TERM | |
| Topical term or geographic name as entry element | Religions |
| 9 (RLIN) | 10010 |
| 710 2# - ADDED ENTRY--CORPORATE NAME | |
| Corporate name or jurisdiction name as entry element | International Bible Society. |
| 9 (RLIN) | 10002 |
| 906 ## - LOCAL DATA ELEMENT F, LDF (RLIN) | |
| a | 7 |
| b | cbc |
| c | orignew |
| d | 2 |
| e | ncip |
| f | 19 |
| g | y-gencatlg |
| 942 ## - ADDED ENTRY ELEMENTS (KOHA) | |
| Source of classification or shelving scheme | Library of Congress Classification |
| Koha item type | |
| Withdrawn status | Lost status | Source of classification or shelving scheme | Damaged status | Home library | Current library | Shelving location | Date acquired | Total Checkouts | Total Renewals | Full call number | Barcode | Date last seen | Date checked out | Copy number | Price effective from | Koha item type |
|---|---|---|---|---|---|---|---|---|---|---|---|---|---|---|---|---|
| Library of Congress Classification | Luxembourg Library | Luxembourg Library | High School Section | 08/14/2013 | 8 | 1 | BS 195 .H761 2007 | 17680 | 11/15/2025 | 11/15/2025 | 1 | 08/14/2013 | Books | |||
| Library of Congress Classification | Luxembourg Library | Luxembourg Library | High School Section | 08/14/2013 | 4 | BS 195 .H761 1986 | 4506 | 02/01/2017 | 01/31/2017 | 1 | 08/14/2013 | Books |